| 000 | 01000cam a2200289u 4500 | ||
|---|---|---|---|
| 001 | 29029 | ||
| 003 | BD-RjUL | ||
| 005 | 20211209051349.0 | ||
| 008 | 140402r19491942sz ac 001 0 eng d | ||
| 035 | _a(BD-RjUL)29114 | ||
| 040 |
_aDLC _cCarP _dDLC _dBD-RjUL _beng |
||
| 041 | 1 |
_aeng _hger |
|
| 082 |
_a616.8521 _bROP |
||
| 100 | 1 |
_aRorschach, Hermann, _d1884-1922. _988674 |
|
| 245 | 0 | 0 |
_aPsychodiagnostics : _ba diagnostic test based on perception, including Rorschach's paper, The application of the form interpretation test / |
| 260 |
_aBerne, Switzerland ; _bH. Huber : _aNew York, N.Y., _bGrune & Stratton inc. _cc1942 [Reprinted 1949] |
||
| 300 |
_a26 3 p. : _bill. ; _c25 cm. |
||
| 504 | _aIncludes Index | ||
| 650 | 0 |
_aPsychoanalysis. _988675 |
|
| 650 | 0 |
_aPsychophysiology. _988676 |
|
| 650 | 0 |
_aRorschach Test. _988677 |
|
| 700 | 1 |
_aLemkau, Paul Victor, _d1909- _eed. and tr. _988678 |
|
| 942 |
_2ddc _cBK |
||
| 999 |
_c29029 _d29029 |
||